LEADER 03078nam 2200709 450 001 9910789740603321 005 20230807204119.0 010 $a965-524-078-9 035 $a(CKB)2670000000129639 035 $a(EBL)1918612 035 $a(SSID)ssj0000690641 035 $a(PQKBManifestationID)12331092 035 $a(PQKBTitleCode)TC0000690641 035 $a(PQKBWorkID)10628459 035 $a(PQKB)10243325 035 $a(MiAaPQ)EBC1918612 035 $a(Au-PeEL)EBL1918612 035 $a(CaPaEBR)ebr11005154 035 $a(CaONFJC)MIL691782 035 $a(OCoLC)900345751 035 $a(EXLCZ)992670000000129639 100 $a20120306h20152015 uy| 0 101 0 $aeng 135 $aur|n|---||||| 181 $ctxt 182 $cc 183 $acr 200 10$aJourney to heaven $eexploring Jewish views of the afterlife /$fby Leila Leah Bronner 210 1$aJerusalem ;$aNew York :$cUrim Publications,$d[2015] 210 4$dİ2015 215 $a1 online resource (209 p.) 300 $aDescription based upon print version of record. 311 $a965-524-100-9 311 $a1-322-60500-9 311 $a965-524-047-9 320 $aIncludes bibliographical references (pages [185]-200) and index. 327 $aThe Hebrew Bible: glimpses of immortality -- Early post-biblical literature: gateways to heaven and hell -- The mishnah: who will merit the world to come? -- The Talmud: what happens in the next world? -- Medieval Jewish philosophy: faith and reason -- Mysticism: reincarnation in Kabbalah -- Modernity: what do we believe? -- The Messiah: the eternal thread of hope. 330 $aA number of the basic tenets of Jewish belief regarding the afterlife, resurrection, immortality, judgment, messianism, and the world to come are laid out in this fascinating and accessible volume. Beginning with the Bible's references to Sheol and its allusions to resurrection, this survey explores immortality and bodily resurrection in Second Temple literature; the Mishnah's discussions of olam ha-ba, or the world to come, and how to merit entry into it; and the Talmud's depictions of paradise and hell, and the soul's journey through these metaphysical landscapes. The book also explores the 606 $aFuture life$xJudaism 606 $aEschatology, Jewish 606 $aImmortality$xJudaism 606 $aReincarnation$xJudaism 606 $aRabbinical literature$xHistory and criticism 606 $aJewish philosophy 606 $aPhilosophy, Medieval 615 0$aFuture life$xJudaism. 615 0$aEschatology, Jewish. 615 0$aImmortality$xJudaism. 615 0$aReincarnation$xJudaism. 615 0$aRabbinical literature$xHistory and criticism. 615 0$aJewish philosophy. 615 0$aPhilosophy, Medieval. 676 $a296.09 676 $a296.09014 700 $aBronner$b Leila Leah$01497678 801 0$bMiAaPQ 801 1$bMiAaPQ 801 2$bMiAaPQ 906 $aBOOK 912 $a9910789740603321 996 $aJourney to heaven$93722913 997 $aUNINA LEADER 03304nam 2200589 450 001 9910812228603321 005 20191118111955.0 010 $a1-350-98847-2 010 $a1-83860-932-6 024 7 $a10.5040/9781350988477 035 $a(CKB)4100000008154683 035 $a(MiAaPQ)EBC5763551 035 $a(OCoLC)1128165651 035 $a(CaBNVSL)mat50988477 035 $a(CaBNVSL)9781350988477 035 $a(EXLCZ)994100000008154683 100 $a20191118d2019 uy 0 101 0 $aeng 135 $aurcnu|||||||| 181 $2rdacontent 182 $2rdamedia 183 $2rdacarrier 200 14$aThe basilicas of Ethiopia $ean architectural history /$fMario Di Salvo ; in collaboration with Carolyn Gossage ; with a foreword by Professor Michael Gervers 205 $aFirst edition. 210 1$aLondon, England :$cI.B. Tauris,$d2019. 210 2$a[London, England] :$cBloomsbury Publishing,$d2019. 215 $a1 online resource (162 pages) $cillustrations (some color), maps 311 $a1-78453-725-X 320 $aIncludes bibliographical references (pages 141-145). 327 $aPreface: The structural characteristics of Christian basilicas -- Part I. The ruins of the ancient Aksumite basilicas (fourth-seventh century) -- Part II. The architecture of the late-Aksumite and post-Aksumite basilicas of Tigray (eighth-twelfth century) -- The built basilicas -- The hypogeal basilicas -- The semi-monolithic basilicas -- Part III. The architecture of the medieval basilicas of Ethiopia (the twelfth-century Zagwe kingdom and the restoration of the Solomonic dynasty) -- Basilicas constructed in caves -- The monolithic and semi-monolithic basilicas in La?libala? -- The last Ethiopian basilicas. 330 8 $aThe basilica is symbolic of the history of Christianity in Ethiopia. 'Eza?na?, the first Christian king of the Aksumite empire was responsible for the creation of the large, five-aisled church of Ma?rya?m S?e?yon, sadly destroyed in 1535, and since then many hundreds of basilicas have been built in Ethiopia, many, including the UNESCO World Heritage site of Lalibela, literally 'hewn from the rock'. In this book, architectural historian and architect Mario di Salvo considers the unique architectural features of Ethiopia's basilicas and explains how they developed over time. Featuring almost 200 colour illustrations, this book is an attractive and comprehensive guide to some of Ethiopia's most inspiring religious buildings. --$cPublisher, inside front flap of dust jacket. 606 $aBasilicas$zEthiopia$xHistory$yTo 1500 606 $aChurch architecture$zEthiopia 606 $aArchitecture, Medieval$zEthiopia 606 $aArchitecture, Ancient$zEthiopia 606 $aReligious buildings$2bicssc 615 0$aBasilicas$xHistory 615 0$aChurch architecture 615 0$aArchitecture, Medieval 615 0$aArchitecture, Ancient 615 7$aReligious buildings 676 $a726.50963 700 $aDi Salvo$b Mario$0662638 702 $aGossage$b Carolyn$f1933- 702 $aGervers$b Michael$f1942- 801 0$bBTCTA 801 1$bCaBNVSL 801 2$bCaBNVSL 906 $aBOOK 912 $a9910812228603321 996 $aThe basilicas of Ethiopia$94050259 997 $aUNINA LEADER 03897nam 22006975 450 001 9910254112603321 005 20251113205522.0 010 $a981-10-0033-6 024 7 $a10.1007/978-981-10-0033-1 035 $a(CKB)3710000000580324 035 $a(EBL)4333616 035 $a(SSID)ssj0001606921 035 $a(PQKBManifestationID)16316019 035 $a(PQKBTitleCode)TC0001606921 035 $a(PQKBWorkID)14896614 035 $a(PQKB)11697842 035 $a(DE-He213)978-981-10-0033-1 035 $a(MiAaPQ)EBC4333616 035 $a(PPN)191700487 035 $a(EXLCZ)993710000000580324 100 $a20160111d2016 u| 0 101 0 $aeng 135 $aur|n|---||||| 181 $ctxt 182 $cc 183 $acr 200 10$aDevelopment and Evaluation of High Resolution Climate System Models /$fby Rucong Yu, Tianjun Zhou, Tongwen Wu, Wei Xue, Guangqing Zhou 205 $a1st ed. 2016. 210 1$aSingapore :$cSpringer Nature Singapore :$cImprint: Springer,$d2016. 215 $a1 online resource (265 p.) 300 $aDescription based upon print version of record. 311 08$a981-10-0031-X 320 $aIncludes bibliographical references at the end of each chapters and index. 327 $aDevelopment and Evaluation of High Resolution Climate System Models: A Chinese National Key Basic Research Project (2010-2014) -- High Resolution AGCM and OGCM developed in IAP -- Improvements of resolution and physics in both coupled and uncoupled models of BCC -- Multi-models ensemble coupling framework and experiments -- Metrics for gauging model performance over East Asian-western Pacific. 330 $aThis book is based on the project ?Development and Validation of High Resolution Climate System Models? with the support of the National Key Basic Research Project under grant No. 2010CB951900. It demonstrates the major advances in the development of new, dynamical Atmospheric General Circulation Model (AGCM) and Ocean General Circulation Model (OGCM) cores that are suitable for high resolution modeling, the improvement of model physics, and the design of a flexible, multi-model ensemble coupling framework. It is a useful reference for graduate students, researchers and professionals working in the related areas of climate modeling and climate change. Prof. Rucong Yu works at the China Meteorological Administration; Prof. Tianjun Zhou works at LASG, the Institute of Atmospheric Physics, Chinese Academy of Sciences; Tongwen Wu works at Beijing Climate Center, China Meteorological Administration; Associate Prof. Wei Xue works at the Department of Computer Science and Technology, Tsinghua University; Prof. Guangqing Zhou works at the Institute of Atmospheric Physics (IAP), Chinese Academy of Sciences. 606 $aPhysical geography 606 $aClimatology 606 $aAtmospheric science 606 $aOceanography 606 $aEarth System Sciences 606 $aClimate Sciences 606 $aAtmospheric Science 606 $aOcean Sciences 615 0$aPhysical geography. 615 0$aClimatology. 615 0$aAtmospheric science. 615 0$aOceanography. 615 14$aEarth System Sciences. 615 24$aClimate Sciences. 615 24$aAtmospheric Science. 615 24$aOcean Sciences. 676 $a551.6011 700 $aYu$b Rucong$4aut$4http://id.loc.gov/vocabulary/relators/aut$01062785 702 $aZhou$b Tianjun$4aut$4http://id.loc.gov/vocabulary/relators/aut 702 $aWu$b Tongwen$4aut$4http://id.loc.gov/vocabulary/relators/aut 702 $aXue$b Wei$4aut$4http://id.loc.gov/vocabulary/relators/aut 702 $aZhou$b Guangqing$4aut$4http://id.loc.gov/vocabulary/relators/aut 906 $aBOOK 912 $a9910254112603321 996 $aDevelopment and Evaluation of High Resolution Climate System Models$92528559 997 $aUNINA